Data Structures Using C AND C++ (Record no. 18656)
[ view plain ]
| 000 -LEADER | |
|---|---|
| fixed length control field | 00429nam a22001697a 4500 |
| 005 - DATE AND TIME OF LATEST TRANSACTION | |
| control field | 20230614142708.0 |
| 008 - FIXED-LENGTH DATA ELEMENTS--GENERAL INFORMATION | |
| fixed length control field | 230607b |||||||| |||| 00| 0 eng d |
| 082 ## - DEWEY DECIMAL CLASSIFICATION NUMBER | |
| Classification number | 005.37 |
| Item number | LAN-D |
| 100 ## - MAIN ENTRY--AUTHOR | |
| Author Name | Langsum,Yedidyah |
| -- | Moshe,J.Augenstein |
| -- | Aaron,M.Tenenbaum |
| 245 ## - TITLE STATEMENT | |
| Title | Data Structures Using C AND C++ |
| 250 ## - EDITION STATEMENT | |
| Edition statement | 2nd ed. |
| 300 ## - PHYSICAL DESCRIPTION | |
| Pages | 672 |
| 500 ## - GENERAL NOTE | |
| General note | Include Index |
| 650 ## - SUBJECT ADDED ENTRY--TOPICAL TERM | |
| Subject / Department | Computer |
| 700 ## - ADDED ENTRY--PERSONAL NAME | |
| Personal name | Langsum |
| 952 ## - LOCATION AND ITEM INFORMATION (KOHA) | |
| -- | 0 |
| -- | 0 |
| Lost status | Damaged status | Permanent Location | Current Location | Shelving Location | Date acquired | Full Call Number | Accession No./Barcode | Date last seen | item type |
|---|---|---|---|---|---|---|---|---|---|
| Superior Information Resource Center (SIRC) Superior University- Main Campus | Superior Information Resource Center (SIRC) Superior University- Main Campus | Computer | 06/07/2023 | 005.73 LAN-D | 15395 | 06/07/2023 | BOOK |
